02304nam a2200217 a 4500008004100000020001500041041000800056092001600064100002400080245004900104250001200153260005900165300001100224500010400235505148500339655002101824700002801845942001301873999001501886952018501901180918t2001 ag ||||g||||| 00| 1|spa d a9500826445 aspa c808l9sBUC1 aBucay, Jorge.93514 3aEl cochero.bUn libro en vivo /cJorge Bucay a1a ed.  aBuenos Aires:bAtlántida ; Del Nuevo Extremo;c2001. a221 p. aBucay, J. y Aguinis, M. (2001). El cochero. Un libro en vivo. (1a ed.). Buenos Aires : Atlántida. aSuenan los aplausos. Se descorre el telón. En el escenario, Marcos Aguinis y Jorge Bucay. Dos de los referentes más válidos del pensar y sentir de la sociedad actual. Frente a ellos, el público. ¿El motivo del encuentro? Escribir un libro elaborado en forma conjunta a partir del intercambio de preguntas, respuestas, opiniones, testimonios, relatos de los temas que nos preocupan. A lo largo de seis meses, Aguinis y Bucay recorrieron las ciudades de Rosario, Buenos Aires, Mar del Plata, Punta del Este, Córdoba y Mendoza en encuentros abiertos en lo que dialogaron con la audiencia. Así, cada una de las páginas de este libro se fue escribiendo sobre los renglones de lo que conforman las inquietudes, preocupaciones, ilusiones, y vivencias de la gente hoy. La pareja, la separación, la fidelidad, la infidelidad, la soledad, las crisis, las adicciones, la violencia... las preguntas y respuestas se multiplicaron en valiosos intercambios repletos de interpretaciones y sorpresas, subidas y bajadas donde los autores no escatimaron densidad crítica, cuentos o anécdotas, erudición, drama, información, ternura. Dicen que muchos autores, en secreto, se sorprenden de algunas de las interpretaciones que hacen sus lectores, aquellos que ponen la última nota a esa larga melodía que es un libro. Esta vez Marcos Aguinis y Jorge Bucay han decidido correr ese velo para escribir con la audiencia, cara a cara, de frente y perfil, a pura improvisación. aLiteratura929171 aAguinis, Marcos. 94296 2ddccLIT c3240d3240 00102ddc4070aBFMbBFMcCRd2024-12-12eDonación Diciembre 2024. Sede Tordos.l0o808 9 BUCp4981r2024-12-16tEj.1w2024-12-16yLITzDonación Diciembre 2024. Sede Tordos.f